000 00313nam a22001217a 4500
999 _c160927
_d160927
082 _a
_b
245 _aAsiatic researches history and antiquities the arts sciences ethnology and literature of Asia (v.5)
260 _aNew Delhi:
_bCosmo,
_c1980.
300 _a478p.
600 _a
650 _a
942 _cBK